| 000 | 00355nam a2200133Ia 4500 | ||
|---|---|---|---|
| 008 | 231129s1993||||xx |||||||||||||| ||spa|| | ||
| 040 | _bspa | ||
| 082 | _a658.404 M672p | ||
| 100 | _aMiranda Miranda Juan Jose | ||
| 245 | 0 | _aLos proyectos: La unidad operativa del desarrollo | |
| 260 | _c1993 | ||
| 264 | _aBogotá (Colombia) : Esap | ||
| 942 |
_2ddc _cBKS |
||
| 999 |
_c19998 _d19998 |
||